000 01479namaa2200361 i 4500
003 EG-GICUC
005 20260511141033.0
008 260511s2009 ua abhojr|||| 000 0 ara d
017 _a2009 / 16159
_bدار الكتب والوثائق القومية (مصر)
020 _a9789774795266
040 _aEG-GiCUC
_bara
_cEG-GiCUC
_dEG-GiCUC
_erda
043 _af-ua---
082 0 4 _221
_a962
_bS188
092 0 4 _221
_a962
_bS188
099 _a962 S188 2009
100 1 _aسامى، أمين
_eمؤلف.
245 1 _aتقويم النيل/
_cلواضعه أمين سامى باشا ؛ قدم هذه الطبعة أحمد زكريا الشلق.
250 _aالطبعة الثالثة
264 _aالقاهرة(مصر) :
_bالهيئة العامة لقصور الثقافة،
_c2009.
300 _aمجلدات
_bإيضاحيات، صور، مثيليات ؛
_c23 سم
336 _2rdacontent
_atext
337 _2rdamedia
_aUnmediated
338 _2rdacarrier
_avolume
500 _aالمكتبة تقتنى الجزء الاول والثانى والرابع والسادس فقط
504 _aيشتمل على هوامش
541 _aد. جابر عصفور ؛
_bالقاهرة ؛
_cإهداء ؛
_d2024.
650 1 _2qrmak
651 1 7 _2qrmak
_aمصر
_xتاريخ
_yالعصر العثمانى(1517-1914م)
651 1 7 _2qrmak
_aنهر النيل
700 1 _aالشلق، أحمد زكريا
_eمقدم.
905 _aAya
942 _2ddc
_cBK
_e21
_n0
999 _c180107
_d180107